00414nam a2200169Ia 4500003000500000008004100005020001800046040001900064082000700083100002100090245005100111250000600162260004600168300001000214365000800224546001200232STCL230726s9999 xx 000 0 und d a9789354437656 aSTCLcSTCLbEN 222 aNarayanaswamy, R 0aFinancial accounting: a managerial perspective a7 bPHI Learning Private LimitedaDelhic2022 a634 p b895 aEnglish